OECD Rural Policy Reviews: Poland 2018

Uložené v:
Podrobná bibliografia
Médium: Kniha
Jazyk:English
Vydavateľské údaje: Paris OECD 2018
Edícia:OECD Rural Policy Reviews
Predmet:
Tagy: Pridať tag
Žiadne tagy, Buďte prvý, kto otaguje tento záznam!

MARC

LEADER 00000nam$a2200000$$$4500
001 0242969
005 20221220065756.6
020 |a 978-92-64-28988-8 
041 0 |a eng 
044 |a FR 
245 1 0 |a OECD Rural Policy Reviews: Poland 2018 
264 1 |a Paris  |b OECD  |c 2018 
300 |a 296 s. 
490 1 |a OECD Rural Policy Reviews 
830 0 |a OECD Rural Policy Reviews 
610 2 0 |a vidiek 
610 2 0 |a rozvoj regionálny 
610 2 0 |a politika regionálna 
610 2 0 |a poľnohospodárstvo 
610 2 0 |a politika environmentálna 
610 2 0 |a služby verejné 
610 2 0 |a vzdelávanie 
610 2 0 |a starostlivosť zdravotná 
610 2 0 |a služby sociálne 
610 2 0 |a údaje štatistické 
610 2 0 |a porovnanie štatistické medzinárodné